| Tag |
First Indicator |
Second Indicator |
Subfields |
| LEADER |
00000cam a2200000 a 4500 |
| 001 |
in00001353039 |
| 005 |
20151006060541.0 |
| 008 |
970414q19651975njua 000 0 eng d |
| 035 |
|
|
|a (OCoLC)36734144
|
| 035 |
|
|
|9 AHG1066AM
|
| 040 |
|
|
|a TXA
|c TXA
|d UtOrBLW
|
| 049 |
|
|
|a TXAM
|
| 090 |
|
|
|a NC961.7.S34
|b F34 1965z
|
| 245 |
0 |
2 |
|a A fan artists folio.
|
| 264 |
|
1 |
|a Oradell, N.J. :
|b Luna Publications,
|c [between 1965 and 1975?]
|
| 300 |
|
|
|a 11 unnumbered leaves :
|b all illustrations ;
|c 28 cm.
|
| 336 |
|
|
|a text
|b txt
|2 rdacontent
|
| 337 |
|
|
|a unmediated
|b n
|2 rdamedia
|
| 338 |
|
|
|a volume
|b nc
|2 rdacarrier
|
| 500 |
|
|
|a "Featuring Ben Abas, Jon Arfstrom, Lin Carter, Jack Gaughan, Joe Gross, John Grossman, William Kroll, Sol Levin, Russ Manning, J. Henk Sprenger."
|
| 500 |
|
|
|a Publisher from label on title page.
|
| 500 |
|
|
|a Signed on first leaf by Lin Carter.
|
| 700 |
1 |
|
|a Carter, Lin.
|
| 999 |
|
|
|a MARS
|
| 999 |
f |
f |
|s d348d026-ef55-365b-9d69-bbf58cb4f3ad
|i afa39929-c569-3b10-ace4-32de8b86bb85
|t 0
|
| 952 |
f |
f |
|p noncirc
|a Texas A&M University
|b College Station
|c Cushing Memorial Library & Archives
|d Cushing: Science Fiction (Does not check out)
|t 0
|e NC961.7.S34 F34 1965z
|h Library of Congress classification
|i unmediated -- volume
|
| 998 |
f |
f |
|a NC961.7.S34 F34 1965z
|t 0
|l Cushing: Science Fiction (Does not check out)
|